Sanat- "Tää tunne" - Aliisa Syrjä - Statistics

Yleistilastot
  • Tätä visaa on pelattu 47 kertaa
  • Keskiarvotulos 130 / 217
Vastaustilastot
Vastaus % Oikein
ku
93%
ja
90%
kun
90%
tää
90%
tunne
90%
87%
et
83%
jos
83%
Sun
83%
sun
83%
me
77%
mitä
77%
Mitä
77%
on
77%
en
70%
liukastut
70%
mut
70%
pelottaa
70%
ihmettä
67%
jäätä
67%
kai
67%
lyö
67%
mus
67%
päätä
67%
pelkään
67%
rakastaa
67%
sydän
67%
talvisin
67%
tapahtu
67%
entä
63%
Entä
63%
ethän
63%
kaa
63%
kaahataan
63%
Nyt
63%
nyt
63%
ryppyinen
63%
sitten
63%
vanhetaan
63%
ei
60%
hei
60%
Hei
60%
jaksaa
60%
joskus
60%
jotain
60%
kilpaa
60%
minkä
60%
mul
60%
tai
60%
beibi
57%
saatan
57%
sen
57%
sua
57%
sydänkin
57%
kadottaa
53%
kadottaa.
53%
niin
53%
päällä
53%
pelikaani
53%
mua
50%
mun
50%
valtava
50%
vie
50%
kanssa
47%
pallo
47%
rollaattoreil
47%
sut
47%
vuoks
47%
elän
43%
huolimatta
43%
kaikki
43%
niinku
43%
siitä
43%
täällä
43%
tavarani
43%
unelmaa
43%
hajoo
40%
hukkaan
40%
huonolla
40%
ikuisuuden
40%
kohta
40%
kohtaan
40%
liitoksistaan
40%
nousi
40%
ois
40%
onnistu
40%
oot
40%
pilven
40%
pintaan
40%
piri
40%
säällä
40%
taivaas
40%
toinen
40%
tsunami
40%
tunteet
40%
ajan
37%
hiljaa
37%
ikävöisin
37%
lähtisin
37%
palaa
37%
parempaa
37%
planeettaa
37%
raketin
37%
suuhunsa
37%
huomaa
33%
kasvaa
33%
nappaa
33%
rakentaa
33%
toivonut
33%
etsiin
30%
koitan
30%
kukaan
30%
osaisin
30%
rypys
30%
sellaista
30%
tasolle
30%
mitään
27%
otsa
27%
painajaisis
27%
kumpa
23%
muka
17%
oonko
17%
Ehtoja vastaavia visoja ei löytynyt
Tulosjakauma
Jokaisen tuloksen saaneiden osuus
Persentiili vastausten määrän mukaan
Tuloshistoriasi
Et ole pelannut tätä visaa